Tulajdonviszonyok, társadalomszerkezet és munkásság
Elmentve itt :
| Szerző: | |
|---|---|
| Adatforrás: | Philobibl |
| Forrásdokumentuma: | Kritika 33.2004:9. 2-6. p. |
| Dokumentumtípus: | Cikk |
| Nyelv: | magyar |
| Kulcsszavak: | társadalomelmélet társadalom |
| Megjelent: |
2004
|
| LEADER | 00386nab a2200133 c 4500 | ||
|---|---|---|---|
| 001 | bibPHI0030368 | ||
| 005 | 20200924122712.8 | ||
| 008 | 070402s2004 xx hun | ||
| 100 | 1 | |a Szalai Erzsébet | |
| 245 | 1 | 0 | |a Tulajdonviszonyok, társadalomszerkezet és munkásság |c Szalai Erzsébet |
| 260 | |c 2004 | ||
| 695 | |a társadalomelmélet | ||
| 695 | |a társadalom | ||
| 773 | 0 | |t Kritika |g 33.2004:9. 2-6. p. | |